Alle aktuellen und ehemaligen Mitglieder der Kelly Family - Statistiken

Allgemein
  • Dieses Quiz wurde 63 mal gespielt
  • Das Durchschnittsergebnis liegt bei 11 aus 14
Answers on the Grid
Answers color-coded by a green-red scale on the quiz's grid according to % correct below.
Kathy Kelly
Paul Kelly
Mary Kelly
Patricia Kelly
Lester Kelly
Joey Kelly
John Kelly
Adrien Kelly
Jimmy Kelly
Fitzgerald Kelly
Dan Kelly
Winona Kelly
Giuseppe Kelly
Caroline Kelly
Calvin Kelly
Barbara Ann Kelly
Romualdo Kelly
Maggie Kelly
Adam Kelly
Christina Kelly
Angelo Kelly
Billy Kelly
Barby Kelly
Collin Kelly
Brittany Kelly
Michael Patrick Kelly
Jennifer Kelly
Maite Kelly
Samantha Kelly
Jeremy Kelly
 
Antwortstatistiken
Antwort % Korrekt
Joey Kelly
94%
John Kelly
88%
Maite Kelly
88%
Michael Patrick Kelly
88%
Patricia Kelly
88%
Angelo Kelly
82%
Barbara Ann Kelly
82%
Kathy Kelly
82%
Barby Kelly
76%
Jimmy Kelly
76%
Paul Kelly
76%
Dan Kelly
71%
Caroline Kelly
41%
Adam Kelly
35%
Keine übereinstimmenden Quizze gefunden
Verteilung der Resultate
Anzahl Personen mit jedem Resultat
Perzentil nach korrekt beantworteten Fragen
Ihre Resultats-Entwicklung
Sie haben dieses Quiz noch nicht gespielt